<?xml version="1.0" encoding="UTF-8"?><?xml-stylesheet type="text/xsl" href="static/style.xsl"?><OAI-PMH xmlns="http://www.openarchives.org/OAI/2.0/" xmlns:xsi="http://www.w3.org/2001/XMLSchema-instance" xsi:schemaLocation="http://www.openarchives.org/OAI/2.0/ http://www.openarchives.org/OAI/2.0/OAI-PMH.xsd"><responseDate>2026-04-17T02:20:49Z</responseDate><request verb="GetRecord" identifier="oai:www.recercat.cat:10230/33061" metadataPrefix="marc">https://recercat.cat/oai/request</request><GetRecord><record><header><identifier>oai:recercat.cat:10230/33061</identifier><datestamp>2025-12-18T01:29:41Z</datestamp><setSpec>com_2072_6</setSpec><setSpec>col_2072_452952</setSpec></header><metadata><record xmlns="http://www.loc.gov/MARC21/slim" xmlns:dcterms="http://purl.org/dc/terms/" xmlns:xsi="http://www.w3.org/2001/XMLSchema-instance" xmlns:doc="http://www.lyncode.com/xoai" xsi:schemaLocation="http://www.loc.gov/MARC21/slim http://www.loc.gov/standards/marcxml/schema/MARC21slim.xsd">
   <leader>00925njm 22002777a 4500</leader>
   <datafield ind2=" " ind1=" " tag="042">
      <subfield code="a">dc</subfield>
   </datafield>
   <datafield ind2=" " ind1=" " tag="720">
      <subfield code="a">Bogdanov, Dmitry</subfield>
      <subfield code="e">author</subfield>
   </datafield>
   <datafield ind2=" " ind1=" " tag="720">
      <subfield code="a">Porter, Alastair</subfield>
      <subfield code="e">author</subfield>
   </datafield>
   <datafield ind2=" " ind1=" " tag="720">
      <subfield code="a">Herrera Boyer, Perfecto, 1964-</subfield>
      <subfield code="e">author</subfield>
   </datafield>
   <datafield ind2=" " ind1=" " tag="720">
      <subfield code="a">Serra, Xavier</subfield>
      <subfield code="e">author</subfield>
   </datafield>
   <datafield ind2=" " ind1=" " tag="260">
      <subfield code="c">2017-10-23T09:13:52Z</subfield>
   </datafield>
   <datafield ind2=" " ind1=" " tag="260">
      <subfield code="c">2017-10-23T09:13:52Z</subfield>
   </datafield>
   <datafield ind2=" " ind1=" " tag="260">
      <subfield code="c">2016</subfield>
   </datafield>
   <datafield ind2=" " ind1=" " tag="520">
      <subfield code="a">Comunicació presentada a la 17th International Society for Music Information Retrieval Conference (ISMIR 2016), celebrada els dies 7 a 11 d&amp;apos;agost de 2016 a Nova York, EUA.</subfield>
   </datafield>
   <datafield ind2=" " ind1=" " tag="520">
      <subfield code="a">Many studies in music classification are concerned with obtaining the highest possible cross-validation result. However, some studies have noted that cross-validation may be prone to biases and that additional evaluations based on independent out-of-sample data are desirable. In this paper we present a methodology and software tools for cross-collection evaluation for music classification tasks. The tools allow users to conduct large-scale evaluations of classifier models trained within the AcousticBrainz platform, given an independent source of ground-truth annotations, and its mapping with the classes used for model training. To demonstrate the application of this methodology we evaluate five models trained on genre datasets commonly used by researchers for genre classification, and use collaborative tags from Last.fm as an independent source of ground truth. We study a number of evaluation strategies using our tools on validation sets from 240,000 to 1,740,000 music recordings and discuss the results.</subfield>
   </datafield>
   <datafield ind2=" " ind1=" " tag="520">
      <subfield code="a">This research has received funding from the European Unions Horizon 2020 research and innovation programme under grant agreement No 688382.</subfield>
   </datafield>
   <datafield tag="653" ind2=" " ind1=" ">
      <subfield code="a">Música -- Anàlisi</subfield>
   </datafield>
   <datafield ind2="0" ind1="0" tag="245">
      <subfield code="a">Cross-collection evaluation for music classification tasks</subfield>
   </datafield>
</record></metadata></record></GetRecord></OAI-PMH>